000 005560000a22001810004500
003 MACL
005 20160313125147.0
008 160313b xxu||||| |||| 00| 0 eng d
040 _aMACL
_cMACL
041 _aHindi
082 _a920
100 _aहरिभाउ उपाध्‍याय
_940522
245 _aविश्‍व की विभूतियॉ
260 _bहिन्‍दी प्रकाशन मंदिर
_c1954
_aइलाहाबाद
350 _a2
650 _aAutobiography
_945746
942 _cHIN
_k920
_2ddc
999 _c23934
_d23934